<?xml version="1.0" encoding="UTF-8"?>
<collection xmlns="http://www.loc.gov/MARC21/slim">
 <record>
  <leader>00630pamaa2200205   4500</leader>
  <controlfield tag="001">0000053845</controlfield>
  <controlfield tag="005">20160615090000.0</controlfield>
  <controlfield tag="008">160615s2005                             eng  </controlfield>
  <datafield tag="020" ind1="0" ind2="0">
   <subfield code="a">9780340889497 (pbk.) </subfield>
  </datafield>
  <datafield tag="090" ind1="0" ind2="0">
   <subfield code="a">KD1554 </subfield>
   <subfield code="b">TUR 2005</subfield>
  </datafield>
  <datafield tag="100" ind1="1" ind2="0">
   <subfield code="a">Turner, Chris </subfield>
  </datafield>
  <datafield tag="245" ind1="1" ind2="0">
   <subfield code="a">Contract law : </subfield>
   <subfield code="b">key facts  </subfield>
   <subfield code="c">Chris Turner.</subfield>
  </datafield>
  <datafield tag="250" ind1=" " ind2=" ">
   <subfield code="a">2nd ed..</subfield>
  </datafield>
  <datafield tag="260" ind1="0" ind2="0">
   <subfield code="a">London: </subfield>
   <subfield code="b">Hodder Arnold, </subfield>
   <subfield code="c">2005.</subfield>
  </datafield>
  <datafield tag="300" ind1=" " ind2=" ">
   <subfield code="a">iv, 131p: </subfield>
   <subfield code="b">ill.; </subfield>
   <subfield code="c">20cm.</subfield>
  </datafield>
  <datafield tag="440" ind1="0" ind2="4">
   <subfield code="a">The comprehensive guide to all the facts</subfield>
  </datafield>
  <datafield tag="501" ind1="0" ind2="0">
   <subfield code="a">A Level</subfield>
  </datafield>
  <datafield tag="650" ind1="0" ind2="0">
   <subfield code="a">Contract -- </subfield>
   <subfield code="z">Great Britain </subfield>
  </datafield>
  <datafield tag="650" ind1="0" ind2="0">
   <subfield code="a">Contracts -- </subfield>
   <subfield code="z">England </subfield>
  </datafield>
  <datafield tag="901" ind1=" " ind2=" ">
   <subfield code="u">http://www.hoddereducation.co.uk</subfield>
  </datafield>
 </record>
</collection>
